[Event "FRA-ch U10 Girls"]
[Site "Calvi"]
[Date "2005.04.18"]
[Round "2"]
[White "Grand, Laura"]
[Black "Auvray, Honorine"]
[Result "0-1"]
[WhiteElo "1009"]
[BlackElo "1250"]
[PlyCount "54"]
[EventDate "2005.04.??"]
[EventType "swiss"]
[EventRounds "9"]
[EventCountry "FRA"]
[SourceTitle "EXT 2006"]
[Source "ChessBase"]
[SourceDate "2005.11.24"]
[SourceVersion "1"]
[SourceVersionDate "2005.11.24"]
[SourceQuality "1"]

1. e4 c5 2. Nc3 e6 3. Nf3 d5 4. Bb5+ Bd7 5. Bxd7+ Qxd7 6. d3 Nf6 7. Bg5 Be7 8. 0-0 0-0 9. Bxf6 Bxf6 10. e5 Bd8 11. d4 cxd4 12. Nxd4 Qe7 13. Qf3 Qh4 14. Qg3 Qxd4 15. Rad1 Qc5 16. Rfe1 d4 17. Ne2 Bc7 18. Nxd4 Nc6 19. Nf3 Rad8 20. Rc1 Rd7 21. Nh4 Rfd8 22. h3 Bxe5 23. Qg5 h6 24. Qe3 Qxe3 25. fxe3 Bg3 26. Red1 Rxd1+ 27. Rxd1 Rxd1# 0-1